|
|
|
|
| LEADER |
02242nem a22004812a 4500 |
| 001 |
mzk03001046604 |
| 003 |
CZ BrMZK |
| 005 |
20100826112343.0 |
| 007 |
aj|ca||| |
| 008 |
070309q17061726ne i||||||a|||r|1|||freod |
| 034 |
0 |
|
|a a
|d E0045200
|e E0050200
|f N0504300
|g N0503600
|
| 040 |
|
|
|a BOA001
|b cze
|
| 043 |
|
|
|a e-be---
|
| 072 |
|
7 |
|a 355/359
|x Vojenství. Obrana země. Ozbrojené síly
|2 Konspekt
|9 15
|
| 072 |
|
7 |
|a 912:904
|x Staré mapy
|2 Konspekt
|9 7
|
| 080 |
|
|
|a (084.3)
|2 MRF
|
| 080 |
|
|
|a (493)
|2 MRF
|
| 080 |
|
|
|a 355.483
|2 MRF
|
| 080 |
|
|
|a 912.43:069.5
|2 MRF
|
| 245 |
0 |
0 |
|a Plan van de Victorieuse battaillie, by Ramailles voorgevallen
|h [kartografický dokument] :
|b tusschen het Gecombineerde Leger, onder Commando van zyn Grootheyd, den Heer Hartog van Marlborough, en syn Excellentie, den Veld-Marschalk, Heer van Ouwerkerk; en de Vyandelyke Armée, onder het gesag van den Keurvorst van Beyeren, en den Marschal de Villeroy, den 23 May, 1706
|
| 255 |
|
|
|a Měřítko neuvedeno
|c (004°52´00" v.d.--005°02´00" v.d./050°43´00" s.š.--050°36´00" s.š.)
|
| 260 |
|
|
|a t' Amsterdam :
|b by d'Weduwe Nicolaus Visscher, op den Dam, in de Visscher,
|c [mezi 1706 a 1726]
|
| 300 |
|
|
|a 1 mapa :
|b mědirytina, podlepená papírem ;
|c 24 x 28 cm na listu 52 x 31 cm
|
| 500 |
|
|
|a Podlepeno papírem o velikosti 58 x 65 cm
|
| 500 |
|
|
|a Výzdoba: Text pod mapou
|
| 510 |
4 |
|
|a Kuchař, K. Mapová sbírka B.P. Molla,
|c s. 262
|
| 655 |
|
7 |
|a historické mapy
|7 fd186723
|2 czenas
|
| 650 |
0 |
7 |
|a bojiště
|7 ph210498
|2 czenas
|
| 650 |
0 |
4 |
|a Mollova mapová sbírka
|
| 650 |
0 |
7 |
|a mapové sbírky
|z Česko
|7 ph182407
|2 czenas
|
| 610 |
2 |
7 |
|a Moravská zemská knihovna (Brno, Česko).
|b Mapová sbírka B.P. Molla
|7 mzk2005304487
|2 czenas
|
| 651 |
|
7 |
|a Belgie
|7 ge128735
|2 czenas
|
| 651 |
|
4 |
|a Ramillies (Belgie)
|
| 700 |
1 |
|
|a Marlborough, John Churchill,
|c Duke of,
|d 1650-1722
|7 jo2003169894
|4 oth
|
| 700 |
1 |
|
|a Nassau-Ouwerkerk, Hendrik van,
|d 1640-1708
|4 oth
|
| 856 |
4 |
1 |
|u http://mapy.mzk.cz/mzk03/001/046/604/2619267976
|y Digitalizovaný dokument
|
| 903 |
|
|
|a RP
|
| 910 |
|
|
|a BOA001
|b Moll-0002.112
|
| 978 |
|
|
|b Visscher, Elisabeth
|a Amsterdam
|c 1706-1726
|
| 984 |
|
|
|a Den Haag
|b Nizozemsko
|
| 985 |
|
|
|a 1701-1750
|
| 990 |
|
|
|a MP
|
| 991 |
|
|
|k mzk
|